000 02060cam a22003734a 4500
999 _c126511
_d126511
001 14036132
003 ARRUPE
005 20170718113008.0
008 050714s2005 enk b 001 0 eng
010 _a 2005020162
015 _aGBA556438
_2bnb
016 7 _a013245318
_2Uk
020 _a0199276315 (alk. paper)
020 _a0199284954 (pbk. : alk. paper)
020 _a9780199276318 (alk. paper)
020 _a9780199284955 (pbk. : alk. paper)
035 _a(OCoLC)ocm61200623
040 _aDLC
_cDLC
_dBAKER
_dBWKUK
_dUKM
_dSTF
_dDLC
042 _apcc
050 0 0 _aBT130
_b.M39 2005
082 0 0 _a210
_222
100 1 _aMawson, T. J.
_933153
245 1 0 _aBelief in God :
_ban introduction to the philosophy of religion /
_cT.J. Mawson.
260 _aOxford :
_bClarendon Press ;
_aOxford ;
_aNew York :
_bOxford University Press,
_c2005.
300 _aviii, 272 p. ;
_c24 cm.
504 _aIncludes bibliographical references (p. [261]-269) and index.
505 0 _aPersonhood, transcendence, immanence -- Omnipotence, omniscience, eternality -- Perfect freedom, perfect goodness, necessity -- Creator of the world, creator of value -- Revealer, offerer of eternal life -- Arguing for and against the existence of God -- The ontological argument -- The argument to design -- The cosmological argument -- The argument from religious experience -- The argument from reports of apparent miracles -- The problem of evil.
650 0 _aGod (Christianity)
_xAttributes.
_933154
650 0 _aGod
_xProof.
_9148
856 4 1 _3Table of contents only
_uhttp://www.loc.gov/catdir/toc/ecip0516/2005020162.html
856 4 2 _3Publisher description
_uhttp://www.loc.gov/catdir/enhancements/fy0635/2005020162-d.html
906 _a7
_bcbc
_corignew
_d1
_eecip
_f20
_gy-gencatlg
942 _2lcc
_cMONOGRAPH